000
00307nam a22001337a 4500
008
170911b xxu||||| |||| 00| 0 eng d
020
_a
9780061196669
041
_a
eng
080
_a
52
100
_a
42
101
_a
AST
245
_a
SMITHSONIAN INTIMATE GUIDE TO THE COSMOS
_c
BERRY, D
942
_2
udc
_c
BK
999
_c
27022
_d
27022